| 000 | 00882nam a2200217Ia 4500 | ||
|---|---|---|---|
| 999 |
_c40215 _d40215 |
||
| 001 | 6822 | ||
| 003 | GE_BSU | ||
| 005 | 20200116145133.0 | ||
| 008 | 181216s1973||||g |||||||||||||| ||geo|| | ||
| 040 | _cGE_BSU | ||
| 041 | _ageo | ||
| 080 | _a82-93 გ-61 | ||
| 100 |
_aგოგოლაშვილი, ვახტანგ. _96161 |
||
| 245 |
_aმუშკეტერის სიკვდილი : _bმოთხრობა / _cვახტანგ გოგოლაშვილი ; რედ. ლ. ქადაგიშვილი. |
||
| 264 |
_aთბილისი : _bნაკადული, _c1973. |
||
| 300 |
_a126 გვ. ; _c16სმ. |
||
| 653 | _aმოთხრობა | ||
| 653 | _aმუშკეტერის სიკვდილი | ||
| 700 |
_aქადაგიშვილი, ლ. _eრედაქტორი _94300 |
||
| 942 |
_cBK _2udc |
||